000 00576nam a2200181 a 4500
001 12417
003 CO-ViMGA
008 141112s2004 ck r 000 u spa d
040 _aCO-ViMGA
_bspa
_cCO-ViMGA
082 0 4 _a747 K67d2
100 1 _aKornfeld, Albert
_917834
245 1 0 _aDecoración de Interiores
260 _aBarcelona :
_bRamon Sopena,
_c1972
300 _a368p. : il. color
590 _aForma de adquisición : DONACION - - Proveedor : MARINA TRUJILLO - - Fecha de adquisición : SEPTIEMBRE - 2000
650 1 4 _aDECORACION INTERIORES
_917835
942 _2ddc
_cBK
999 _c23426
_d23426